| 000 | 01724nam a2200517 c 4500 | ||
|---|---|---|---|
| 999 |
_c115344 _d115344 |
||
| 003 | BLK | ||
| 005 | 20250218102902.0 | ||
| 008 | 180409b bul|||||r ||||||| ||bul|| | ||
| 010 | _aKNG00120825000 | ||
| 040 | _aBLK | ||
| 041 |
_aRUS _cRUS |
||
| 080 |
_aЖивопис _b75 _x(4-15) _z75(4-15) |
||
| 139 |
_aЗападноевропейская живопись _bЗ 32 |
||
| 245 | 1 | 0 |
_aЗападноевропейская живопись _bГос. Эрмитаж : Каталог 1 - _nКат. 2 |
| 250 | _a2. изд. испр. и испр. | ||
| 257 | _aRUS | ||
| 260 |
_bИскусство _c1981 - |
||
| 300 | _c26 см | ||
| 380 | _a7 | ||
| 650 | 4 |
_aЖивопис - галерии, изложби, колекции и музеи _9254628 |
|
| 651 | 0 |
_aЗападна Европа _9243454 |
|
| 653 | _aзападноевропейска живопис | ||
| 653 | _aЕрмитаж | ||
| 653 | _aНидерландия | ||
| 653 | _aФландрия | ||
| 653 | _aБелгия | ||
| 653 | _aХоландия | ||
| 653 | _aГермания | ||
| 653 | _aАвстрия | ||
| 653 | _aАнглия | ||
| 653 | _aДания | ||
| 653 | _aНорвегия | ||
| 653 | _aФинландия | ||
| 653 | _aШвеция | ||
| 653 | _aУнгария | ||
| 653 | _aПолша | ||
| 653 | _aРумъния | ||
| 653 | _aЧехословакия | ||
| 760 | 1 |
_b2. изд. испр. и испр. _d1981 _h356 с. : с ил. _tКат. 2 |
|
| 856 | 4 | _qpdf | |
| 856 | 4 | _qpdf | |
| 942 |
_cKNG _n0 _s1 |
||
| 944 |
_aCR _c14.01.2011 _lГеновева Генчева _k30560 |
||
| 944 |
_aED _c14.01.2011 _lдобави в АБ / 13.01.2011 |
||
| 999 | _d115344 | ||